[Event "DEM U14 2025"]
[Site "Willingen GER"]
[Date "2025.06.10"]
[Round "4"]
[White "Nguyen, Thanh An"]
[Black "Albrecht, Neil"]
[Result "0-1"]
[Termination "normal"]
[Board "1"]
[WhiteElo "2041"]
[BlackElo "2131"]
[WhiteClock "00:17:32"]
[BlackClock "00:30:23"]
[PlyCount "80"]
[WhiteFideId "34627804"]
[BlackFideId "34621091"]
[EventCountry "GER"]
[EventRounds "9"]
[EventType "swiss"]
[EventDate "2025.06.07"]

1. d4 {[%clk 01:30:57]} {[%emt 00:00:02]} d5 {[%clk 01:30:47]} {[%emt
00:00:13]} 2. c4 {[%clk 01:31:19]} {[%emt 00:00:08]} e6 {[%clk 01:31:11]}
{[%emt 00:00:06]} 3. Nf3 {[%clk 01:31:26]} {[%emt 00:00:22]} a6 {[%clk
01:31:22]} {[%emt 00:00:20]} 4. Nbd2 {[%clk 01:30:43]} {[%emt 00:01:12]} Nf6
{[%clk 01:30:51]} {[%emt 00:01:02]} 5. g3 {[%clk 01:30:16]} {[%emt 00:00:56]}
c5 {[%clk 01:30:24]} {[%emt 00:00:59]} 6. cxd5 {[%clk 01:29:59]} {[%emt
00:00:46]} exd5 {[%clk 01:30:08]} {[%emt 00:00:47]} 7. Bg2 {[%clk 01:29:48]}
{[%emt 00:00:40]} Nc6 {[%clk 01:28:55]} {[%emt 00:01:43]} 8. O-O {[%clk
01:28:58]} {[%emt 00:01:20]} Be7 {[%clk 01:21:54]} {[%emt 00:07:31]} 9. dxc5
{[%clk 01:25:14]} {[%emt 00:04:15]} Bxc5 {[%clk 01:22:14]} {[%emt 00:00:10]}
10. Nb3 {[%clk 01:24:34]} {[%emt 00:01:10]} Bb6 {[%clk 01:21:35]} {[%emt
00:01:08]} 11. Bg5 {[%clk 01:23:32]} {[%emt 00:01:32]} O-O {[%clk 01:13:38]}
{[%emt 00:08:27]} 12. Nbd4 {[%clk 01:18:24]} {[%emt 00:05:38]} h6 {[%clk
01:12:44]} {[%emt 00:01:24]} 13. Be3 {[%clk 01:14:22]} {[%emt 00:04:31]} Re8
{[%clk 01:08:08]} {[%emt 00:05:06]} 14. Qb3 {[%clk 01:09:01]} {[%emt 00:05:51]}
Na5 {[%clk 01:04:41]} {[%emt 00:03:59]} 15. Qd3 {[%clk 01:05:36]} {[%emt
00:03:54]} Nc4 {[%clk 01:01:29]} {[%emt 00:03:42]} 16. Bc1 {[%clk 01:05:58]}
{[%emt 00:00:08]} Bg4 {[%clk 00:58:44]} {[%emt 00:03:15]} 17. b3 {[%clk
01:05:49]} {[%emt 00:00:39]} Nd6 {[%clk 00:56:03]} {[%emt 00:03:11]} 18. Bb2
{[%clk 01:04:35]} {[%emt 00:01:45]} Qd7 {[%clk 00:53:04]} {[%emt 00:03:28]} 19.
e3 {[%clk 01:00:07]} {[%emt 00:04:58]} Bh3 {[%clk 00:51:32]} {[%emt 00:02:02]}
20. Bxh3 {[%clk 00:58:09]} {[%emt 00:02:28]} Qxh3 {[%clk 00:51:56]} {[%emt
00:00:06]} 21. Ne2 {[%clk 00:58:34]} {[%emt 00:00:04]} Nde4 {[%clk 00:47:21]}
{[%emt 00:05:06]} 22. Nf4 {[%clk 00:56:39]} {[%emt 00:02:25]} Qd7 {[%clk
00:45:34]} {[%emt 00:02:17]} 23. Rad1 {[%clk 00:47:28]} {[%emt 00:09:41]} Nxf2
{[%clk 00:36:06]} {[%emt 00:09:58]} 24. Rxf2 {[%clk 00:46:38]} {[%emt
00:01:20]} Rxe3 {[%clk 00:35:29]} {[%emt 00:01:06]} 25. Qf1 {[%clk 00:24:08]}
{[%emt 00:23:00]} Rxf3 {[%clk 00:35:24]} {[%emt 00:00:36]} 26. Bd4 {[%clk
00:24:35]} {[%emt 00:00:02]} Bxd4 {[%clk 00:35:06]} {[%emt 00:00:48]} 27. Rxd4
{[%clk 00:25:01]} {[%emt 00:00:05]} Rxf2 {[%clk 00:35:31]} {[%emt 00:00:06]}
28. Qxf2 {[%clk 00:25:28]} {[%emt 00:00:03]} Re8 {[%clk 00:34:03]} {[%emt
00:01:57]} 29. Qd2 {[%clk 00:25:29]} {[%emt 00:00:29]} Re5 {[%clk 00:33:46]}
{[%emt 00:00:47]} 30. Nd3 {[%clk 00:24:16]} {[%emt 00:01:43]} Re4 {[%clk
00:33:08]} {[%emt 00:01:08]} 31. Nc5 {[%clk 00:23:56]} {[%emt 00:00:50]} Rxd4
{[%clk 00:33:31]} {[%emt 00:00:07]} 32. Qxd4 {[%clk 00:24:23]} {[%emt
00:00:03]} Qe7 {[%emt 00:03:57]} 33. a4 {[%clk 00:21:45]} Qe1+ {[%clk
00:30:05]} {[%emt 00:03:37]} 34. Kg2 {[%clk 00:20:35]} {[%emt 00:01:40]} b6
{[%clk 00:30:07]} {[%emt 00:00:29]} 35. Nd3 {[%clk 00:20:11]} {[%emt 00:00:54]}
Qd2+ {[%clk 00:30:28]} {[%emt 00:00:08]} 36. Kf3 {[%clk 00:19:47]} {[%emt
00:00:54]} Qd1+ {[%clk 00:30:24]} {[%emt 00:00:34]} 37. Kg2 {[%clk 00:19:14]}
{[%emt 00:01:02]} Qxb3 {[%clk 00:30:37]} {[%emt 00:00:18]} 38. Ne5 {[%clk
00:17:49]} {[%emt 00:01:55]} Qc2+ {[%clk 00:30:00]} {[%emt 00:01:07]} 39. Kh3
{[%clk 00:18:10]} {[%emt 00:00:08]} Qe2 {[%clk 00:30:04]} {[%emt 00:00:26]} 40.
Qc3 {[%clk 00:17:32]} {[%emt 00:01:08]} Qf1+ {[%clk 00:30:23]} {[%emt
00:00:12]} 0-1

[Event "DEM U14 2025"]
[Site "Willingen GER"]
[Date "2025.06.10"]
[Round "4"]
[White "Nemitz, Alfred"]
[Black "Böhler, Yannic"]
[Result "1-0"]
[Termination "normal"]
[Board "2"]
[WhiteTitle "FM"]
[WhiteElo "2315"]
[BlackElo "1711"]
[WhiteClock "00:49:27"]
[BlackClock "00:26:45"]
[PlyCount "89"]
[WhiteFideId "34601791"]
[BlackFideId "34609059"]
[EventCountry "GER"]
[EventRounds "9"]
[EventType "swiss"]
[EventDate "2025.06.07"]

1. d4 {[%clk 01:30:59]} Nf6 {[%clk 01:30:58]} {[%emt 00:00:02]} 2. Nf3 {[%clk
01:31:26]} {[%emt 00:00:03]} g6 {[%clk 01:31:22]} {[%emt 00:00:06]} 3. Nbd2
{[%clk 01:31:53]} {[%emt 00:00:03]} d5 {[%clk 01:30:31]} {[%emt 00:01:21]} 4.
b3 {[%clk 01:32:18]} {[%emt 00:00:05]} Bg7 {[%clk 01:30:57]} {[%emt 00:00:04]}
5. Bb2 {[%clk 01:32:45]} {[%emt 00:00:03]} O-O {[%clk 01:30:30]} {[%emt
00:00:56]} 6. e3 {[%clk 01:33:13]} {[%emt 00:00:03]} Nbd7 {[%clk 01:29:02]}
{[%emt 00:01:57]} 7. c4 {[%clk 01:33:37]} {[%emt 00:00:07]} c6 {[%clk
01:29:19]} {[%emt 00:00:14]} 8. Be2 {[%clk 01:33:49]} {[%emt 00:00:17]} b6
{[%clk 01:26:06]} {[%emt 00:03:44]} 9. O-O {[%clk 01:34:14]} {[%emt 00:00:05]}
Bb7 {[%clk 01:26:33]} {[%emt 00:00:02]} 10. Rc1 {[%clk 01:34:11]} {[%emt
00:00:32]} Rc8 {[%clk 01:15:21]} {[%emt 00:11:43]} 11. b4 {[%clk 01:24:15]}
{[%emt 00:10:26]} Ne4 {[%clk 01:05:16]} {[%emt 00:10:35]} 12. cxd5 {[%clk
01:20:23]} {[%emt 00:04:22]} cxd5 {[%clk 01:04:58]} {[%emt 00:00:48]} 13. Qa4
{[%clk 01:20:44]} {[%emt 00:00:09]} Ndf6 {[%clk 00:42:24]} {[%emt 00:23:03]}
14. Qxa7 {[%clk 01:09:42]} {[%emt 00:11:33]} Bc6 {[%clk 00:39:14]} {[%emt
00:03:40]} 15. Qa3 {[%clk 01:07:27]} {[%emt 00:02:45]} Ra8 {[%clk 00:38:01]}
{[%emt 00:01:43]} 16. Qb3 {[%clk 01:07:50]} {[%emt 00:00:06]} Ba4 {[%clk
00:34:42]} {[%emt 00:03:50]} 17. Qd3 {[%clk 01:08:15]} {[%emt 00:00:05]} Bd7
{[%clk 00:28:35]} {[%emt 00:06:37]} 18. a3 {[%clk 01:07:35]} {[%emt 00:01:09]}
Nd6 {[%clk 00:28:07]} {[%emt 00:00:58]} 19. Qb1 {[%clk 01:00:33]} {[%emt
00:07:32]} Bb5 {[%clk 00:16:46]} {[%emt 00:11:52]} 20. Bxb5 {[%clk 00:59:39]}
{[%emt 00:01:24]} Nxb5 {[%clk 00:17:10]} {[%emt 00:00:06]} 21. Qa2 {[%clk
00:52:00]} {[%emt 00:08:08]} Qd6 {[%clk 00:16:58]} {[%emt 00:00:42]} 22. Qb3
{[%clk 00:51:44]} {[%emt 00:00:46]} Na7 {[%clk 00:14:00]} {[%emt 00:03:28]} 23.
b5 {[%clk 00:51:40]} {[%emt 00:00:34]} h5 {[%clk 00:11:35]} {[%emt 00:02:56]}
24. a4 {[%clk 00:51:45]} {[%emt 00:00:25]} Bh6 {[%clk 00:07:11]} {[%emt
00:04:54]} 25. Ne5 {[%clk 00:50:22]} {[%emt 00:01:53]} g5 {[%clk 00:06:20]}
{[%emt 00:01:20]} 26. Ba3 {[%clk 00:48:47]} {[%emt 00:02:06]} Qe6 {[%clk
00:05:51]} {[%emt 00:00:59]} 27. Nc6 {[%clk 00:38:08]} {[%emt 00:11:09]} g4
{[%clk 00:03:40]} {[%emt 00:02:41]} 28. Nxe7+ {[%clk 00:37:19]} {[%emt
00:01:19]} Kh8 {[%clk 00:04:07]} {[%emt 00:00:01]} 29. Nc6 {[%clk 00:30:35]}
{[%emt 00:07:15]} Rg8 {[%clk 00:04:35]} {[%emt 00:00:02]} 30. Nxa7 {[%clk
00:26:38]} {[%emt 00:04:27]} Rxa7 {[%clk 00:05:03]} {[%emt 00:00:03]} 31. Rc6
{[%clk 00:25:18]} {[%emt 00:01:49]} Qf5 {[%clk 00:05:16]} {[%emt 00:00:17]} 32.
Bd6 {[%clk 00:24:45]} {[%emt 00:01:03]} Rg6 {[%clk 00:04:04]} {[%emt 00:01:43]}
33. Be5 {[%clk 00:24:05]} {[%emt 00:01:10]} Bg7 {[%clk 00:04:32]} {[%emt
00:00:02]} 34. Rxb6 {[%clk 00:23:37]} {[%emt 00:00:57]} h4 {[%clk 00:04:14]}
{[%emt 00:00:48]} 35. Rb8+ {[%clk 00:22:33]} {[%emt 00:01:35]} Kh7 {[%clk
00:04:43]} {[%emt 00:00:01]} 36. b6 {[%clk 00:22:51]} {[%emt 00:00:11]} Re7
{[%clk 00:04:28]} {[%emt 00:00:45]} 37. b7 {[%clk 00:21:25]} {[%emt 00:01:56]}
Rxe5 {[%clk 00:03:19]} {[%emt 00:01:39]} 38. dxe5 {[%clk 00:20:54]} {[%emt
00:01:01]} Ne4 {[%clk 00:02:56]} {[%emt 00:00:53]} 39. Nxe4 {[%clk 00:19:58]}
{[%emt 00:01:26]} Qxe4 {[%clk 00:03:22]} {[%emt 00:00:04]} 40. Qb1 {[%clk
00:19:29]} {[%emt 00:00:59]} Qxe5 {[%clk 00:02:44]} {[%emt 00:01:08]} 41. Rc8
{[%clk 00:19:26]} {[%emt 00:00:33]} g3 {[%clk 00:28:26]} {[%emt 00:04:49]} 42.
b8=Q {[%emt 00:00:46]} gxh2+ {[%clk 00:28:31]} {[%emt 00:00:24]} 43. Kh1 {[%clk
00:49:33]} {[%emt 00:00:07]} Qg5 {[%clk 00:27:37]} {[%emt 00:01:25]} 44. Qxh2
{[%clk 00:49:33]} {[%emt 00:00:29]} f5 {[%clk 00:26:45]} {[%emt 00:01:23]} 45.
Qh3 {[%clk 00:49:27]} {[%emt 00:00:35]} 1-0

[Event "DEM U14 2025"]
[Site "Willingen GER"]
[Date "2025.06.10"]
[Round "4"]
[White "Zhang, Yibo"]
[Black "Herrmann, Arthur"]
[Result "0-1"]
[Termination "normal"]
[Board "3"]
[WhiteElo "2014"]
[BlackElo "2089"]
[WhiteClock "00:34:50"]
[BlackClock "00:33:11"]
[PlyCount "98"]
[WhiteFideId "16287657"]
[BlackFideId "16287150"]
[EventCountry "GER"]
[EventRounds "9"]
[EventType "swiss"]
[EventDate "2025.06.07"]

1. e4 {[%clk 01:30:28]} {[%emt 00:00:19]} c6 {[%clk 01:30:56]} {[%emt
00:00:16]} 2. d4 {[%clk 01:30:11]} {[%emt 00:00:48]} d5 {[%clk 01:31:22]}
{[%emt 00:00:04]} 3. exd5 {[%clk 01:30:39]} {[%emt 00:00:03]} cxd5 {[%clk
01:31:47]} {[%emt 00:00:05]} 4. Bd3 {[%clk 01:31:06]} {[%emt 00:00:03]} Nc6
{[%clk 01:32:11]} {[%emt 00:00:05]} 5. c3 {[%clk 01:31:34]} {[%emt 00:00:03]}
Qc7 {[%clk 01:32:26]} {[%emt 00:00:14]} 6. h3 {[%clk 01:31:04]} {[%emt
00:01:00]} e6 {[%clk 01:32:12]} {[%emt 00:00:44]} 7. Nf3 {[%clk 01:30:27]}
{[%emt 00:01:07]} Bd6 {[%clk 01:31:55]} {[%emt 00:00:46]} 8. O-O {[%clk
01:29:51]} {[%emt 00:01:07]} Nge7 {[%clk 01:31:29]} {[%emt 00:00:56]} 9. Re1
{[%clk 01:22:24]} {[%emt 00:07:56]} O-O {[%clk 01:29:13]} {[%emt 00:02:46]} 10.
Nbd2 {[%clk 01:16:58]} {[%emt 00:05:56]} Ng6 {[%clk 01:28:19]} {[%emt
00:01:25]} 11. Bf1 {[%clk 01:12:38]} {[%emt 00:04:49]} Bd7 {[%clk 01:12:33]}
{[%emt 00:16:17]} 12. b3 {[%clk 01:07:23]} {[%emt 00:05:45]} a5 {[%clk
00:41:59]} {[%emt 00:31:03]} 13. a4 {[%clk 00:48:06]} {[%emt 00:19:47]} Rad8
{[%clk 00:35:01]} {[%emt 00:07:28]} 14. Ba3 {[%clk 00:38:50]} {[%emt 00:09:47]}
Bxa3 {[%clk 00:27:52]} {[%emt 00:07:39]} 15. Rxa3 {[%clk 00:38:45]} {[%emt
00:00:35]} f6 {[%clk 00:23:25]} {[%emt 00:04:57]} 16. Nb1 {[%clk 00:33:12]}
{[%emt 00:06:03]} Bc8 {[%clk 00:22:51]} {[%emt 00:01:04]} 17. Ra2 {[%clk
00:31:16]} {[%emt 00:02:25]} e5 {[%clk 00:21:37]} {[%emt 00:01:44]} 18. dxe5
{[%clk 00:29:09]} {[%emt 00:02:37]} fxe5 {[%clk 00:22:04]} {[%emt 00:00:04]}
19. Nh2 {[%clk 00:14:55]} {[%emt 00:14:44]} Nf4 {[%clk 00:20:00]} {[%emt
00:02:34]} 20. Rd2 {[%clk 00:14:28]} {[%emt 00:00:56]} Qf7 {[%clk 00:16:39]}
{[%emt 00:03:52]} 21. c4 {[%clk 00:12:32]} {[%emt 00:02:26]} d4 {[%clk
00:14:50]} {[%emt 00:02:19]} 22. Kh1 {[%clk 00:12:21]} {[%emt 00:00:41]} Bf5
{[%clk 00:08:39]} {[%emt 00:06:40]} 23. Na3 {[%clk 00:09:47]} {[%emt 00:03:04]}
Rfe8 {[%clk 00:05:56]} {[%emt 00:03:13]} 24. Nb5 {[%clk 00:08:44]} {[%emt
00:01:34]} Qg6 {[%clk 00:04:45]} {[%emt 00:01:41]} 25. Qf3 {[%clk 00:07:10]}
{[%emt 00:02:04]} h5 {[%clk 00:04:23]} {[%emt 00:00:52]} 26. c5 {[%clk
00:06:22]} {[%emt 00:01:18]} Be6 {[%clk 00:01:21]} {[%emt 00:03:31]} 27. Nc7
{[%clk 00:05:49]} {[%emt 00:01:03]} Rf8 {[%clk 00:01:42]} {[%emt 00:00:10]} 28.
Nxe6 {[%clk 00:03:34]} {[%emt 00:02:45]} Nxe6 {[%clk 00:02:04]} {[%emt
00:00:08]} 29. Qg3 {[%clk 00:03:27]} {[%emt 00:00:37]} Qxg3 {[%clk 00:02:18]}
{[%emt 00:00:15]} 30. fxg3 {[%clk 00:03:56]} {[%emt 00:00:02]} Nxc5 {[%clk
00:02:36]} {[%emt 00:00:12]} 31. Bc4+ {[%clk 00:03:58]} {[%emt 00:00:28]} Kh8
{[%clk 00:02:41]} {[%emt 00:00:24]} 32. Nf3 {[%clk 00:00:38]} {[%emt 00:03:50]}
e4 {[%clk 00:02:38]} {[%emt 00:00:33]} 33. Ng5 {[%clk 00:00:46]} {[%emt
00:00:22]} e3 {[%clk 00:02:23]} {[%emt 00:00:45]} 34. Rdd1 {[%clk 00:01:05]}
{[%emt 00:00:11]} Ne5 {[%clk 00:02:25]} {[%emt 00:00:28]} 35. Ne6 {[%clk
00:00:39]} {[%emt 00:00:56]} Nxe6 {[%clk 00:02:41]} {[%emt 00:00:14]} 36. Bxe6
{[%clk 00:01:07]} {[%emt 00:00:02]} Rd6 {[%clk 00:01:12]} {[%emt 00:01:59]} 37.
Bc4 {[%clk 00:01:12]} {[%emt 00:00:25]} Rf2 {[%clk 00:01:10]} {[%emt 00:00:32]}
38. Kg1 {[%clk 00:01:01]} {[%emt 00:00:41]} Nxc4 {[%clk 00:00:38]} {[%emt
00:01:02]} 39. bxc4 {[%clk 00:01:30]} {[%emt 00:00:02]} Rc2 {[%clk 00:00:48]}
{[%emt 00:00:20]} 40. Kf1 {[%clk 00:01:23]} {[%emt 00:00:36]} Rf6+ {[%clk
00:00:57]} {[%emt 00:00:21]} 41. Kg1 {[%clk 00:01:51]} {[%emt 00:00:02]} Rff2
{[%clk 00:30:10]} {[%emt 00:01:17]} 42. Rxd4 {[%clk 00:31:59]} {[%emt
00:00:22]} Rxg2+ {[%clk 00:30:35]} {[%emt 00:00:05]} 43. Kh1 {[%clk 00:32:27]}
{[%emt 00:00:03]} Rh2+ {[%clk 00:30:59]} {[%emt 00:00:05]} 44. Kg1 {[%clk
00:32:56]} Rcg2+ {[%clk 00:31:24]} {[%emt 00:00:06]} 45. Kf1 {[%clk 00:33:22]}
{[%emt 00:00:04]} e2+ {[%clk 00:31:45]} {[%emt 00:00:08]} 46. Rxe2 {[%clk
00:33:50]} {[%emt 00:00:02]} Rxe2 {[%clk 00:32:09]} {[%emt 00:00:06]} 47. Rf4
{[%clk 00:33:57]} {[%emt 00:00:22]} Ra2 {[%clk 00:32:28]} {[%emt 00:00:12]} 48.
Kg1 {[%clk 00:34:23]} {[%emt 00:00:04]} Rhc2 {[%clk 00:32:46]} {[%emt
00:00:12]} 49. Rf1 {[%clk 00:34:50]} {[%emt 00:00:04]} Rg2+ {[%clk 00:33:11]}
{[%emt 00:00:05]} 0-1

[Event "DEM U14 2025"]
[Site "Willingen GER"]
[Date "2025.06.10"]
[Round "4"]
[White "Dodul, Arthur"]
[Black "Sydykov, Bayastan"]
[Result "1/2-1/2"]
[Termination "normal"]
[Board "4"]
[BlackTitle "FM"]
[WhiteElo "1926"]
[BlackElo "2301"]
[WhiteClock "00:20:26"]
[BlackClock "00:00:35"]
[PlyCount "117"]
[WhiteFideId "34609016"]
[BlackFideId "13829610"]
[EventCountry "GER"]
[EventRounds "9"]
[EventType "swiss"]
[EventDate "2025.06.07"]

1. e4 {[%clk 01:30:57]} {[%emt 00:00:03]} c5 {[%clk 01:30:49]} {[%emt
00:00:12]} 2. c3 {[%clk 01:31:19]} {[%emt 00:00:07]} d5 {[%clk 01:31:10]}
{[%emt 00:00:08]} 3. exd5 {[%clk 01:31:43]} {[%emt 00:00:06]} Qxd5 {[%clk
01:31:35]} {[%emt 00:00:05]} 4. d4 {[%clk 01:32:05]} {[%emt 00:00:08]} Nc6
{[%clk 01:31:02]} {[%emt 00:01:04]} 5. Nf3 {[%clk 01:31:32]} {[%emt 00:01:02]}
Bf5 {[%clk 01:30:25]} {[%emt 00:01:08]} 6. Na3 {[%clk 01:28:31]} {[%emt
00:03:31]} cxd4 {[%clk 01:29:10]} {[%emt 00:01:45]} 7. Bc4 {[%clk 01:28:34]}
{[%emt 00:00:26]} Qd7 {[%clk 01:01:17]} {[%emt 00:28:24]} 8. cxd4 {[%clk
01:16:54]} {[%emt 00:12:09]} e6 {[%clk 00:58:12]} {[%emt 00:03:36]} 9. O-O
{[%clk 01:04:12]} {[%emt 00:13:12]} Be4 {[%clk 00:34:51]} {[%emt 00:23:51]} 10.
Bb5 {[%clk 00:57:40]} {[%emt 00:07:03]} Qd5 {[%clk 00:26:22]} {[%emt 00:08:58]}
11. Bxc6+ {[%clk 00:53:46]} {[%emt 00:04:24]} bxc6 {[%clk 00:26:04]} {[%emt
00:00:49]} 12. Nc2 {[%clk 00:53:07]} {[%emt 00:01:08]} Bxf3 {[%clk 00:25:56]}
{[%emt 00:00:38]} 13. Qxf3 {[%clk 00:53:26]} {[%emt 00:00:11]} Qxf3 {[%clk
00:26:19]} {[%emt 00:00:06]} 14. gxf3 {[%clk 00:53:52]} {[%emt 00:00:04]} Bd6
{[%clk 00:22:33]} {[%emt 00:04:16]} 15. Ne3 {[%clk 00:52:29]} {[%emt 00:01:53]}
Ne7 {[%clk 00:20:31]} {[%emt 00:02:33]} 16. Bd2 {[%clk 00:51:19]} {[%emt
00:01:39]} Rb8 {[%clk 00:18:58]} {[%emt 00:02:04]} 17. b3 {[%clk 00:50:05]}
{[%emt 00:01:44]} Rb5 {[%clk 00:17:20]} {[%emt 00:02:07]} 18. Rfd1 {[%clk
00:35:24]} {[%emt 00:15:11]} Ng6 {[%clk 00:09:55]} {[%emt 00:07:56]} 19. Ng2
{[%clk 00:29:00]} {[%emt 00:06:53]} Rh5 {[%clk 00:07:02]} {[%emt 00:03:23]} 20.
f4 {[%clk 00:29:18]} {[%emt 00:00:12]} Rf5 {[%clk 00:07:09]} {[%emt 00:00:24]}
21. Rac1 {[%clk 00:29:03]} {[%emt 00:00:44]} Kd7 {[%clk 00:07:25]} {[%emt
00:00:14]} 22. Rc4 {[%clk 00:28:21]} {[%emt 00:01:12]} Rc8 {[%clk 00:06:55]}
{[%emt 00:01:00]} 23. Ra4 {[%clk 00:26:39]} {[%emt 00:02:12]} Rc7 {[%clk
00:07:19]} {[%emt 00:00:07]} 24. Ra5 {[%clk 00:26:50]} {[%emt 00:00:16]} Rxa5
{[%clk 00:06:33]} {[%emt 00:01:18]} 25. Bxa5 {[%clk 00:27:10]} {[%emt
00:00:10]} Rb7 {[%clk 00:06:59]} {[%emt 00:00:04]} 26. Bd2 {[%clk 00:26:50]}
{[%emt 00:00:51]} Rb5 {[%clk 00:06:19]} {[%emt 00:01:10]} 27. Rc1 {[%clk
00:19:21]} {[%emt 00:07:59]} Rf5 {[%clk 00:05:59]} {[%emt 00:00:50]} 28. Rc4
{[%clk 00:17:08]} {[%emt 00:02:43]} Kc7 {[%clk 00:05:56]} {[%emt 00:00:33]} 29.
Ra4 {[%clk 00:16:09]} {[%emt 00:01:28]} Kb7 {[%clk 00:05:37]} {[%emt 00:00:50]}
30. Bb4 {[%clk 00:15:39]} {[%emt 00:01:00]} Bc7 {[%clk 00:04:44]} {[%emt
00:01:23]} 31. Bc5 {[%clk 00:12:40]} {[%emt 00:03:28]} Bb6 {[%clk 00:04:45]}
{[%emt 00:00:29]} 32. Ne3 {[%clk 00:12:57]} {[%emt 00:00:13]} Rxf4 {[%clk
00:02:34]} {[%emt 00:02:42]} 33. Nc4 {[%clk 00:13:16]} {[%emt 00:00:10]} Rg4+
{[%clk 00:01:39]} {[%emt 00:01:26]} 34. Kf1 {[%clk 00:13:34]} {[%emt 00:00:12]}
Rh4 {[%clk 00:00:44]} {[%emt 00:01:24]} 35. Rb4 {[%clk 00:13:37]} {[%emt
00:00:27]} Rxh2 {[%clk 00:00:40]} {[%emt 00:00:35]} 36. Nd6+ {[%clk 00:13:13]}
{[%emt 00:00:54]} Kc7 {[%clk 00:00:47]} {[%emt 00:00:23]} 37. Nxf7 {[%clk
00:13:14]} {[%emt 00:00:28]} Rh5 {[%clk 00:00:45]} {[%emt 00:00:32]} 38. Rc4
{[%clk 00:12:09]} {[%emt 00:01:36]} Rd5 {[%clk 00:00:35]} {[%emt 00:00:39]} 39.
b4 {[%clk 00:11:22]} {[%emt 00:01:18]} h6 {[%clk 00:00:37]} {[%emt 00:00:28]}
40. Rc3 {[%clk 00:11:17]} {[%emt 00:00:35]} Bxc5 {[%clk 00:00:36]} {[%emt
00:00:30]} 41. dxc5 {[%clk 00:10:48]} {[%emt 00:00:59]} Nf4 {[%clk 00:00:37]}
{[%emt 00:00:29]} 42. f3 {[%clk 00:06:29]} {[%emt 00:04:49]} h5 {[%clk
00:16:51]} {[%emt 00:14:17]} 43. Ra3 {[%clk 00:33:47]} {[%emt 00:03:11]} Kb8
{[%clk 00:12:46]} {[%emt 00:04:35]} 44. Ra6 {[%clk 00:33:52]} {[%emt 00:00:25]}
Rd1+ {[%clk 00:06:41]} {[%emt 00:06:35]} 45. Kf2 {[%clk 00:33:42]} {[%emt
00:00:39]} Nd3+ {[%clk 00:07:00]} {[%emt 00:00:11]} 46. Ke2 {[%clk 00:33:34]}
{[%emt 00:00:38]} Nxb4 {[%clk 00:07:27]} {[%emt 00:00:04]} 47. Rxa7 {[%clk
00:31:04]} {[%emt 00:03:00]} Rh1 {[%clk 00:04:46]} {[%emt 00:03:11]} 48. Rd7
{[%clk 00:29:42]} {[%emt 00:01:52]} Kc8 {[%clk 00:01:54]} {[%emt 00:03:23]} 49.
Ne5 {[%clk 00:29:17]} {[%emt 00:00:54]} Nc2 {[%clk 00:01:58]} {[%emt 00:00:26]}
50. Rxg7 {[%clk 00:28:47]} {[%emt 00:01:00]} Re1+ {[%clk 00:02:22]} {[%emt
00:00:06]} 51. Kd2 {[%clk 00:29:12]} {[%emt 00:00:05]} Rxe5 {[%clk 00:02:48]}
{[%emt 00:00:04]} 52. Kxc2 {[%clk 00:29:29]} {[%emt 00:00:12]} Rxc5+ {[%clk
00:03:15]} {[%emt 00:00:04]} 53. Kd3 {[%clk 00:29:40]} {[%emt 00:00:19]} Rf5
{[%clk 00:01:55]} {[%emt 00:01:50]} 54. Ke4 {[%clk 00:29:39]} {[%emt 00:00:30]}
Ra5 {[%clk 00:01:37]} {[%emt 00:00:49]} 55. Rh7 {[%clk 00:27:47]} {[%emt
00:02:21]} Kd8 {[%clk 00:01:06]} {[%emt 00:01:02]} 56. f4 {[%clk 00:26:12]}
{[%emt 00:02:05]} Rd5 {[%clk 00:00:35]} {[%emt 00:01:02]} 57. a4 {[%clk
00:23:35]} {[%emt 00:03:06]} Ra5 {[%clk 00:00:42]} {[%emt 00:00:23]} 58. Ke3
{[%clk 00:23:55]} {[%emt 00:00:09]} Kc8 {[%clk 00:00:35]} {[%emt 00:00:39]} 59.
Re7 {[%clk 00:20:26]} {[%emt 00:03:59]} 1/2-1/2